Cultivo y mejoramiento de plantas tropicales y subtropicales (Registro nro. 5233)
[ vista simple ]
| 000 -LEADER | |
|---|---|
| fixed length control field | 01391 a2200253 4500 |
| 001 - CONTROL NUMBER | |
| control field | 53381 |
| 005 - DATE AND TIME OF LATEST TRANSACTION | |
| control field | 20260407155808.0 |
| 008 - FIXED-LENGTH DATA ELEMENTS--GENERAL INFORMATION | |
| fixed length control field | 260407a1965 arg spa d |
| 003 - CONTROL NUMBER IDENTIFIER | |
| control field | AR-UNSa-BCEJYS |
| 040 ## - CATALOGING SOURCE | |
| Original cataloging agency | AR-UNSa-BCEJYS |
| Language of cataloging | spa |
| Transcribing agency | AR-UNSa-BCEJYS |
| 080 ## - UNIVERSAL DECIMAL CLASSIFICATION NUMBER | |
| Universal Decimal Classification number | 634.6 |
| Common auxiliary subdivision | Frutos tropicales y Subtropicales diversos (Cocoteros)<br/> |
| 100 1# - MAIN ENTRY--PERSONAL NAME | |
| Personal name | Ochse, J.J. |
| 245 10 - TITLE STATEMENT | |
| Title | Cultivo y mejoramiento de plantas tropicales y subtropicales |
| 264 #1 - PRODUCTION, PUBLICATION, DISTRIBUTION, MANUFACTURE, AND COPYRIGHT NOTICE | |
| Place of production, publication, distribution, manufacture | México : |
| Name of producer, publisher, distributor, manufacturer | Limusa-Wiley |
| Date of production, publication, distribution, manufacture, or copyright notice | 1965 |
| 300 ## - PHYSICAL DESCRIPTION | |
| Extent | 2v. (005-828; 837-1536 p.) |
| Dimensions | 23 cm. |
| 505 ## - FORMATTED CONTENTS NOTE | |
| Formatted contents note | Vol. I. Parte I.: GENERALIDADES: 1. El clima y la fisiografía – 2. Formación del suelo – 3. Propiedades químicas y físicas del suelo y su materia orgánica – 4. Fertilidad del suelo – 5. Manejo del suelo – 6. Prácticas de cultivo, mejoramiento de las plantas consideraciones económicas y valor alimenticio de los productos tropicales - - Parte II.: COSECHAS: 7. Los plátanos y los cítricos – 8. Otros cultivos frutales.<br/>Vol. II. 9. Especias – 10. Bebidas- café – cacao, té – 11. Hule y quina – 12. Cultivos de oleaginosas – 13. Plantas textiles – 14. Caña de azúcar y otros cultivos.<br/> |
| 590 ## - LOCAL NOTE (RLIN) | |
| Local note | niveau_biblio:m niveau_hierar:0 |
| 700 1# - ADDED ENTRY--PERSONAL NAME | |
| Personal name | Souler, M.J. |
| 700 1# - ADDED ENTRY--PERSONAL NAME | |
| Personal name | Blackaller Valdes, Alonso |
| 700 1# - ADDED ENTRY--PERSONAL NAME | |
| Personal name | Dijkman, M.J. |
| 700 1# - ADDED ENTRY--PERSONAL NAME | |
| Personal name | Sanchez Duron, Nicolás |
| 700 1# - ADDED ENTRY--PERSONAL NAME | |
| Personal name | Wehlburg, C. |
| 942 ## - ADDED ENTRY ELEMENTS (KOHA) | |
| Koha item type | |
| Withdrawn status | Lost status | Damaged status | Not for loan | Home library | Current library | Shelving location | Date acquired | Total checkouts | Full call number | Barcode | Date last seen | Price effective from | Koha item type |
|---|---|---|---|---|---|---|---|---|---|---|---|---|---|
| Biblioteca Prof. Eusebio Cleto del Rey | Biblioteca Prof. Eusebio Cleto del Rey | 07/04/2026 | 634.6 O16 v.1 | L25171 | 07/04/2026 | 07/04/2026 | Libro | ||||||
| Biblioteca Prof. Eusebio Cleto del Rey | Biblioteca Prof. Eusebio Cleto del Rey | 07/04/2026 | 634.6 O16 v.2 | L25172 | 07/04/2026 | 07/04/2026 | Libro |